000 02096nam a22003497a 4500
001 102377
003 KnowledgeUnlatched
005 20210303105133.0
006 m o d
007 cr u||||||||||
008 210129p20152019gw o u00| u eng d
037 _5BiblioBoard
245 0 0 _aMultidimensional Inverse and Ill-Posed Problems for Differential Equations
_cYu. E. Anikonov.
020 _a9783110346664
029 1 _ahttps://library.biblioboard.com/ext/api/media/13da7735-bb4a-4704-83ec-c657ae105670/assets/thumbnail.jpg
040 _aScCtBLL
_cScCtBLL
100 1 _aAnikonov, Yu. E.
_eauthor.
264 1 _bDe Gruyter,
300 _a1 online resource (140 p.)
506 0 _aAccess copy available to the general public.
_fUnrestricted
_2star
520 _aThis monograph is devoted to statements of multidimensional inverse problems, in particular to methods of their investigation. Questions of the uniqueness of solution, solvability and stability are studied. Methods to construct a solution are given and, in certain cases, inversion formulas are given as well. Concrete applications of the theory developed here are also given. Where possible, the author has stopped to consider the method of investigation of the problems, thereby sometimes losing generality and quantity of the problems, which can be examined by such a method. The book should be of interest to researchers in the field of applied mathematics, geophysics and mathematical biology.
588 0 _aDescription based on print version record.
590 _aKU Select 2018: STEM Backlist Books
650 7 _aMathematics
_2bisacsh
650 0 _aMathematics
655 0 _aElectronic books.
758 _iIs found in:
_aKnowledge Unlatched
_1https://openresearchlibrary.org/module/2774bc74-146a-484f-a7ba-ab1d6a09bbfb
856 4 0 _uhttps://openresearchlibrary.org/content/13da7735-bb4a-4704-83ec-c657ae105670
_zView this content on Open Research Library.
_70
999 _c33731
_d33731